00219nam a22001097a 4500003000400000082001700004100001800021245003300039260001500072300000700087650001500094SGT a616.07bE19M aMITTAL, TANVI aEVALUATION OF MAST CELLS IN  aSGTUc2019 a76 aPATHOLOGY